| 000 | 00644cam a2200217 4500 | ||
|---|---|---|---|
| 001 | WB3606-35 | ||
| 008 | 000000n2000 000 0 eng u | ||
| 035 | _a(Sirsi) u104121 | ||
| 245 | _aFall in farmland values | ||
| 260 | _c2000 | ||
| 490 |
_aFarmers Guardian _v4 February 2000, 2(1) |
||
| 520 | _aThe most recent FPD Savills farmland value survey suggests that values fell by an average of 1.5% in the last quarter of 1999. | ||
| 590 | _aWB | ||
| 650 | _aFARMLAND VALUES | ||
| 650 | _aFPD SAVILLS | ||
| 650 | _aSURVEYS | ||
| 650 | _aVACANT POSSESSION VALUE | ||
| 650 | _aFARMLAND MARKET | ||
| 690 | _aRURAL-MARKET | ||
| 942 | _n0 | ||
| 999 |
_c62496 _d62496 |
||